<?xml version="1.0" encoding="UTF-8"?>
<collection xmlns="http://www.loc.gov/MARC21/slim">
 <record>
  <leader>02369cam a2200469   4500</leader>
  <controlfield tag="001">1142897737</controlfield>
  <controlfield tag="003">DE-627</controlfield>
  <controlfield tag="005">20231117191615.0</controlfield>
  <controlfield tag="007">tu</controlfield>
  <controlfield tag="008">990129s1939    xx |||||      00| ||ger c</controlfield>
  <datafield tag="035" ind1=" " ind2=" ">
   <subfield code="a">(DE-627)1142897737</subfield>
  </datafield>
  <datafield tag="035" ind1=" " ind2=" ">
   <subfield code="a">(DE-576)072897732</subfield>
  </datafield>
  <datafield tag="035" ind1=" " ind2=" ">
   <subfield code="a">(DE-599)BSZ072897732</subfield>
  </datafield>
  <datafield tag="035" ind1=" " ind2=" ">
   <subfield code="a">(OCoLC)251375750</subfield>
  </datafield>
  <datafield tag="040" ind1=" " ind2=" ">
   <subfield code="a">DE-627</subfield>
   <subfield code="b">ger</subfield>
   <subfield code="c">DE-627</subfield>
   <subfield code="e">rda</subfield>
  </datafield>
  <datafield tag="041" ind1=" " ind2=" ">
   <subfield code="a">ger</subfield>
  </datafield>
  <datafield tag="100" ind1="1" ind2=" ">
   <subfield code="a">Schneider, Ernest</subfield>
   <subfield code="e">VerfasserIn</subfield>
   <subfield code="4">aut</subfield>
  </datafield>
  <datafield tag="245" ind1="1" ind2="0">
   <subfield code="a">Material zu einer archäologischen Felskunde des Luxemburger Landes</subfield>
   <subfield code="c">von Dr. Ernest Schneider</subfield>
  </datafield>
  <datafield tag="264" ind1=" " ind2="1">
   <subfield code="a">Luxemburg</subfield>
   <subfield code="b">Buck</subfield>
   <subfield code="c">1939</subfield>
  </datafield>
  <datafield tag="300" ind1=" " ind2=" ">
   <subfield code="a">324 Seiten</subfield>
   <subfield code="b">Illustrationen, Karten</subfield>
  </datafield>
  <datafield tag="336" ind1=" " ind2=" ">
   <subfield code="a">Text</subfield>
   <subfield code="b">txt</subfield>
   <subfield code="2">rdacontent</subfield>
  </datafield>
  <datafield tag="337" ind1=" " ind2=" ">
   <subfield code="a">ohne Hilfsmittel zu benutzen</subfield>
   <subfield code="b">n</subfield>
   <subfield code="2">rdamedia</subfield>
  </datafield>
  <datafield tag="338" ind1=" " ind2=" ">
   <subfield code="a">Band</subfield>
   <subfield code="b">nc</subfield>
   <subfield code="2">rdacarrier</subfield>
  </datafield>
  <datafield tag="361" ind1="1" ind2=" ">
   <subfield code="a">Institut für Biologie und Rassenlehre. Bücherei</subfield>
   <subfield code="f">Stempel</subfield>
   <subfield code="f">NS-Raubgut</subfield>
   <subfield code="5">DE-24</subfield>
   <subfield code="y">2933735334</subfield>
   <subfield code="s">2/3673</subfield>
   <subfield code="o">Vorbesitz</subfield>
   <subfield code="0">(DE-588)1114088293</subfield>
   <subfield code="0">(DE-627)868025674</subfield>
   <subfield code="0">(DE-576)476202132</subfield>
   <subfield code="z">NS-Raubgut-Verdacht</subfield>
  </datafield>
  <datafield tag="561" ind1=" " ind2=" ">
   <subfield code="5">DE-24</subfield>
   <subfield code="3">Exemplarsatz-ID: 2933735334, Signatur: 2/3673</subfield>
   <subfield code="a">Vorbesitz: Institut für Biologie und Rassenlehre. Bücherei ; http://d-nb.info/gnd/1114088293 / Stempel / NS-Raubgut / Erläuterung: NS-Raubgut-Verdacht</subfield>
  </datafield>
  <datafield tag="583" ind1="1" ind2=" ">
   <subfield code="a">Archivierung prüfen</subfield>
   <subfield code="c">20200919</subfield>
   <subfield code="f">DE-640</subfield>
   <subfield code="z">3</subfield>
   <subfield code="2">pdager</subfield>
  </datafield>
  <datafield tag="689" ind1="0" ind2="0">
   <subfield code="d">g</subfield>
   <subfield code="0">(DE-588)4036728-9</subfield>
   <subfield code="0">(DE-627)104589639</subfield>
   <subfield code="0">(DE-576)209020091</subfield>
   <subfield code="a">Luxemburg</subfield>
   <subfield code="2">gnd</subfield>
  </datafield>
  <datafield tag="689" ind1="0" ind2="1">
   <subfield code="d">s</subfield>
   <subfield code="0">(DE-588)4069225-5</subfield>
   <subfield code="0">(DE-627)10413142X</subfield>
   <subfield code="0">(DE-576)209175974</subfield>
   <subfield code="a">Befestigung</subfield>
   <subfield code="2">gnd</subfield>
  </datafield>
  <datafield tag="689" ind1="0" ind2="2">
   <subfield code="d">s</subfield>
   <subfield code="0">(DE-588)4200075-0</subfield>
   <subfield code="0">(DE-627)105176443</subfield>
   <subfield code="0">(DE-576)210132914</subfield>
   <subfield code="a">Schalenstein</subfield>
   <subfield code="2">gnd</subfield>
  </datafield>
  <datafield tag="689" ind1="0" ind2="3">
   <subfield code="d">s</subfield>
   <subfield code="0">(DE-588)4009104-1</subfield>
   <subfield code="0">(DE-627)106364677</subfield>
   <subfield code="0">(DE-576)208880399</subfield>
   <subfield code="a">Burg</subfield>
   <subfield code="2">gnd</subfield>
  </datafield>
  <datafield tag="689" ind1="0" ind2="4">
   <subfield code="d">s</subfield>
   <subfield code="0">(DE-588)4132395-6</subfield>
   <subfield code="0">(DE-627)105688053</subfield>
   <subfield code="0">(DE-576)209635215</subfield>
   <subfield code="a">Festgestein</subfield>
   <subfield code="2">gnd</subfield>
  </datafield>
  <datafield tag="689" ind1="0" ind2=" ">
   <subfield code="5">(DE-627)</subfield>
  </datafield>
  <datafield tag="787" ind1="0" ind2="8">
   <subfield code="i">Rezensiert in</subfield>
   <subfield code="a">Röder, Josef, 1914 - 1975</subfield>
   <subfield code="t">[Rezension von: Ernest Schneider, Material zu einer archäologischen Felskunde des Luxemburger Landes]</subfield>
   <subfield code="d">Darmstadt : L.C. Wittich, 1941</subfield>
   <subfield code="w">(DE-627)1727160843</subfield>
  </datafield>
  <datafield tag="787" ind1="0" ind2="8">
   <subfield code="i">Rezensiert in</subfield>
   <subfield code="a">Dehn, Wolfgang, 1909 - 2001</subfield>
   <subfield code="t">[Rezension von: Schneider, Ernst, Material zu einer archäologischen Felskunde des Luxemburger Landes]</subfield>
   <subfield code="d">1940</subfield>
   <subfield code="w">(DE-627)1735670618</subfield>
  </datafield>
  <datafield tag="951" ind1=" " ind2=" ">
   <subfield code="a">BO</subfield>
  </datafield>
  <datafield tag="990" ind1=" " ind2=" ">
   <subfield code="a">Luxemburg</subfield>
  </datafield>
  <datafield tag="990" ind1=" " ind2=" ">
   <subfield code="a">Befestigung</subfield>
  </datafield>
  <datafield tag="990" ind1=" " ind2=" ">
   <subfield code="a">Schalenstein</subfield>
  </datafield>
  <datafield tag="990" ind1=" " ind2=" ">
   <subfield code="a">Burg</subfield>
  </datafield>
  <datafield tag="990" ind1=" " ind2=" ">
   <subfield code="a">Festgestein</subfield>
  </datafield>
  <datafield tag="991" ind1=" " ind2=" ">
   <subfield code="a">Rezensiertes Werk</subfield>
  </datafield>
  <datafield tag="999" ind1=" " ind2=" ">
   <subfield code="a">KXP-PPN1142897737</subfield>
   <subfield code="e">4550180080</subfield>
  </datafield>
 </record>
</collection>
